000 00681nam a22002417a 4500
003 UA-OsUOA
001 23768
007 ta
008 20040128b un ||||| |||| 00| 0 ukr d
090 _a342(477)
_bК65
942 _cBK
040 _aUA-OsUOA
_bukr
_cUA-OsUOA
_dUA-OsUOA
245 _aКонституційне право України
_cРед. В.Я.Тацій В.Ф.Погорілко Ю.М.Тодика
300 _a376 с.
955 _a0
041 _aukr
080 _a342(477)
020 _a966-7630-02-1
260 _aКиїв
_bУкраїнський центр правничих студій
_c1999
044 _aUA
650 7 _2UDC
999 _c310025
_d310025